[Event "5th Classic Open 2013"]
[Site "London ENG"]
[Date "2013.12.15"]
[Round "9.54"]
[White "Coleman, David J"]
[Black "Shepley, Julien M"]
[Result "1/2-1/2"]
[WhiteTitle "CM"]
[WhiteElo "2257"]
[BlackElo "1986"]
[WhiteFideId "402087"]
[BlackFideId "403210"]
[EventDate "2013.12.07"]

1. Nf3 d6 2. c4 e5 3. d3 f5 4. Nc3 c6 5. g3 Nf6 6. Bg2 Be7 7. O-O O-O 8. Rb1 Qe8
9. e3 Ng4 10. h3 Nh6 11. Nh2 Qg6 12. Ne2 a5 13. Bd2 Nd7 14. d4 c5 15. dxe5 dxe5
16. Bc3 Nf7 17. b3 Bd6 18. Qd2 Ra6 19. f4 Nf6 20. Bxa5 Ne4 21. Qe1 exf4 22. gxf4
b6 23. Bc3 Rxa2 24. Bb2 Bb7 25. Nf3 Be7 26. Nc1 Raa8 27. Nd3 Bf6 28. Bxf6 Qxf6
29. Rb2 Rfd8 30. Nde5 Rd6 31. Kh2 Rad8 32. Rg1 Re6 33. Nxf7 Qxf7 34. Qh4 Qf6 35.
Qxf6 Nxf6 36. Ne5 Be4 37. Ra2 Red6 38. Kh1 Bxg2+ 39. Rgxg2 Nd7 40. Ra7 g6 41.
Rb7 Nxe5 42. fxe5 Re6 43. Ra2 Rxe5 44. Raa7 Rxe3 45. Rg7+ Kf8 46. Rgf7+ Kg8 47.
Rg7+ Kf8 48. Rxh7 Kg8 49. Rhg7+ 1/2-1/2

[Event "5th Classic Open 2013"]
[Site "London ENG"]
[Date "2013.12.15"]
[Round "9.55"]
[White "Sellmair, Reinhard"]
[Black "Haria, Ravi"]
[Result "0-1"]
[WhiteElo "1988"]
[BlackElo "2160"]
[WhiteFideId "12946990"]
[BlackFideId "415820"]
[EventDate "2013.12.07"]

1. e4 e6 2. d4 d5 3. Nc3 Nc6 4. e5 Nge7 5. Bg5 h6 6. Bxe7 Qxe7 7. a3 b6 8. f4
Bb7 9. Nf3 O-O-O 10. Bb5 g5 11. g3 gxf4 12. gxf4 h5 13. Qd2 Bh6 14. O-O-O f6 15.
Ne2 a6 16. Bd3 fxe5 17. dxe5 Rhf8 18. h4 Na5 19. Ng5 Nc4 20. Qc3 Ne3 21. Rdg1 d4
22. Nxd4 Nd5 23. Qe1 Nxf4 24. Ne2 Nxd3+ 25. cxd3 Bxh1 26. Rxh1 Bxg5+ 0-1

[Event "5th Classic Open 2013"]
[Site "London ENG"]
[Date "2013.12.15"]
[Round "9.56"]
[White "Quinn, John M"]
[Black "Vachtfeidl, Petr"]
[Result "1/2-1/2"]
[WhiteElo "2130"]
[BlackElo "1985"]
[WhiteFideId "405043"]
[BlackFideId "315028"]
[EventDate "2013.12.07"]

1. d4 Nf6 2. c4 g6 3. Nc3 d5 4. Nf3 Bg7 5. Qb3 dxc4 6. Qxc4 O-O 7. e4 Nc6 8. Be2
Nd7 9. Be3 Nb6 10. Qc5 Bg4 11. O-O-O Qd6 12. d5 Ne5 13. Kb1 Nec4 14. Bxc4 Qxc5
15. Bxc5 Nxc4 16. Bd4 e5 17. dxe6 fxe6 18. Bxg7 Kxg7 19. Rd7+ Rf7 20. Rxf7+ Kxf7
21. Ng5+ Kg7 22. h3 h6 23. hxg4 hxg5 24. Rd1 1/2-1/2

[Event "5th Classic Open 2013"]
[Site "London ENG"]
[Date "2013.12.15"]
[Round "9.57"]
[White "Seymour, Timothy P"]
[Black "James, Angus S"]
[Result "0-1"]
[WhiteElo "2094"]
[BlackElo "1941"]
[WhiteFideId "412112"]
[BlackFideId "470503"]
[EventDate "2013.12.07"]

1. c4 e6 2. g3 Nf6 3. Bg2 d5 4. Nf3 Be7 5. O-O O-O 6. d4 c6 7. Qc2 b6 8. Nbd2
Nbd7 9. e4 Bb7 10. e5 Ne8 11. cxd5 cxd5 12. Re1 Rc8 13. Qd1 Ba6 14. Nf1 Qc7 15.
Ne3 Nb8 16. h4 h6 17. Nh2 Nc6 18. a3 b5 19. b4 Qb6 20. Nc2 Bb7 21. Bf1 a5 22.
Rb1 axb4 23. axb4 Ra8 24. Bd3 Bc8 25. Qh5 f5 26. exf6 Bxf6 27. Qg6 Bxd4 28. Nxd4
Qxd4 29. Ng4 Nf6 30. Bb2 Qxg4 0-1

[Event "5th Classic Open 2013"]
[Site "London ENG"]
[Date "2013.12.15"]
[Round "9.59"]
[White "Buyandalai, Tumen"]
[Black "Whatley, Stephen A J"]
[Result "1-0"]
[WhiteElo "2074"]
[BlackElo "1852"]
[WhiteFideId "4901916"]
[BlackFideId "420441"]
[EventDate "2013.12.07"]

1. e4 c5 2. Nc3 Nc6 3. g4 e6 4. d3 d5 5. Bd2 Nge7 6. Bg2 a6 7. a4 g6 8. Bg5 d4
9. Bf6 Rg8 10. Nce2 g5 11. Ng3 Qd6 12. h3 h6 13. Nh5 Ng6 14. Ne2 e5 15. O-O Nb8
16. Neg3 Nh4 17. f4 exf4 18. Nf5 Bxf5 19. exf5 Nxg2 20. Kxg2 Kd7 21. Re1 Kc6 22.
Re8 Kb6 23. Qf3 Ka7 24. Be5 Qb6 25. Nf6 Nc6 26. Rxa8+ Kxa8 27. Bxf4 Rh8 28. Bg3
Qxb2 29. Re1 Be7 30. Nd7 Rd8 31. Qd5 Qxc2+ 32. Bf2 Ka7 33. Qxf7 Qxd3 34. Rxe7
Nxe7 35. Qxe7 Rxd7 36. Qxd7 Qe4+ 37. Kf1 Qb1+ 38. Be1 Qd3+ 39. Kg1 Qb1 40. Qe7
Qc2 41. f6 d3 42. f7 d2 43. Bxd2 Qd1+ 44. Be1 Qd4+ 45. Bf2 Qd1+ 46. Kh2 h5 47.
Bxc5+ 1-0

[Event "5th Classic Open 2013"]
[Site "London ENG"]
[Date "2013.12.15"]
[Round "9.60"]
[White "Bass, John W"]
[Black "Shaw, Robin A."]
[Result "1-0"]
[WhiteElo "2048"]
[BlackElo "1802"]
[WhiteFideId "407925"]
[BlackFideId "3204677"]
[EventDate "2013.12.07"]

1. d4 g6 2. Nf3 Bg7 3. Bf4 c5 4. c3 cxd4 5. cxd4 d5 6. Nc3 a6 7. e3 Nf6 8. h3
Nc6 9. Be2 O-O 10. O-O Na5 11. Ne5 Be6 12. Rc1 Nc4 13. Nxc4 dxc4 14. e4 b5 15.
d5 Bc8 16. a3 Nd7 17. b3 cxb3 18. Qxb3 Nc5 19. Qb4 Nb7 20. Rfd1 Nd6 21. e5 Nb7
22. Bf3 f6 23. d6 exd6 24. exd6 Qd7 25. Nd5 a5 26. Qb3 Qf7 27. Rc7 Qe6 28. Ne7+
Kh8 29. Qxe6 Bxe6 30. Bxb7 1-0

[Event "5th Classic Open 2013"]
[Site "London ENG"]
[Date "2013.12.15"]
[Round "9.61"]
[White "Jacob, Sydney J"]
[Black "Burke, John S"]
[Result "1/2-1/2"]
[WhiteElo "1907"]
[BlackElo "2045"]
[WhiteFideId "419338"]
[BlackFideId "404322"]
[EventDate "2013.12.07"]

1. d4 Nc6 2. Nf3 d6 3. Bf4 g6 4. e3 Bg7 5. h3 Nf6 6. c4 O-O 7. Nc3 h6 8. Bh2 Nd7
9. Be2 e5 10. d5 Ne7 11. Qc2 Nc5 12. b4 Nd7 13. c5 Nf6 14. e4 a5 15. b5 Nh5 16.
b6 cxb6 17. cxd6 Qxd6 18. Nd2 Nf4 19. Nb5 Qf6 20. Bxf4 exf4 21. Rb1 Qg5 22. Bf3
Bd7 23. Nd6 Qh4 24. Qc7 Ba4 25. O-O Bd4 26. Be2 Qf6 27. Nf3 Be5 28. Nxe5 Qxe5
29. Nb5 Qf6 30. Nd6 1/2-1/2

[Event "5th Classic Open 2013"]
[Site "London ENG"]
[Date "2013.12.15"]
[Round "9.62"]
[White "Dydak, Mateusz"]
[Black "Duncan, Patrick C M"]
[Result "1-0"]
[WhiteElo "1901"]
[BlackElo "2035"]
[WhiteFideId "2612305"]
[BlackFideId "405787"]
[EventDate "2013.12.07"]

1. e4 c6 2. e5 d5 3. exd6 exd6 4. Ne2 h5 5. d4 d5 6. Nbc3 Bd6 7. Bf4 Nh6 8. Qd2
Nf5 9. O-O-O f6 10. Re1 Kf7 11. h3 a5 12. Rg1 Nh4 13. Bg3 Bxg3 14. fxg3 Nf5 15.
g4 hxg4 16. hxg4 Nh6 17. g5 fxg5 18. Ng3 Rf8 19. Bd3 Kg8 20. Re5 Nd7 21. Rxg5
Rf7 22. Rh1 Qf6 23. Rg6 Qf4 24. Rxg7+ Kf8 25. Rxf7+ Qxf7 26. Qxh6+ 1-0

[Event "5th Classic Open 2013"]
[Site "London ENG"]
[Date "2013.12.15"]
[Round "9.63"]
[White "Kane, Robert"]
[Black "Prior, Stephen C V"]
[Result "0-1"]
[WhiteElo "1866"]
[BlackElo "2031"]
[WhiteFideId "420468"]
[BlackFideId "423378"]
[EventDate "2013.12.07"]

1. d4 d5 2. Bf4 c5 3. c3 e6 4. e3 Nc6 5. Nd2 Bd6 6. Bxd6 Qxd6 7. Ngf3 Nf6 8. Bd3
O-O 9. O-O e5 10. dxe5 Nxe5 11. Nxe5 Qxe5 12. Qf3 Re8 13. Rfe1 Ne4 14. Bxe4 dxe4
15. Qf4 b6 16. a4 Qd5 17. Rad1 Ba6 18. f3 exf3 19. Qxf3 Qa2 20. Ne4 Bb7 21. Nf6+
gxf6 22. Qxb7 Qxb2 23. Rd7 Qxc3 24. Kf2 Qc4 25. e4 Rad8 26. Re3 Rxd7 27. Qxd7
Qe6 28. Qd1 Qe5 29. Qg4+ Kf8 30. Qh4 h5 31. Ke2 a6 32. h3 b5 33. axb5 axb5 34.
Qe1 b4 35. g4 Qh2+ 36. Kd1 Qb2 37. Qd2 Qb1+ 38. Ke2 Rxe4 39. Qd6+ Kg7 40. Qxc5
Qb2+ 41. Kd1 Rd4+ 0-1

[Event "5th Classic Open 2013"]
[Site "London ENG"]
[Date "2013.12.15"]
[Round "9.64"]
[White "Reutimann, Hans Peter"]
[Black "Stokes, Paul C"]
[Result "0-1"]
[WhiteElo "1814"]
[BlackElo "2030"]
[WhiteFideId "1313886"]
[BlackFideId "419010"]
[EventDate "2013.12.07"]

1. d4 Nf6 2. Nf3 e6 3. Bf4 c5 4. e3 b6 5. Nbd2 Bb7 6. c3 cxd4 7. exd4 Be7 8. Bd3
O-O 9. O-O d6 10. Qc2 Nbd7 11. Rfe1 h6 12. Rad1 Nd5 13. Bg3 N7f6 14. h3 Qd7 15.
Nb3 Nh5 16. Bh2 Rfc8 17. Qe2 Ndf4 18. Bxf4 Nxf4 19. Qe3 Nxd3 20. Qxd3 a5 21.
Nbd2 b5 22. Re3 a4 23. Ne1 Ba6 24. Qe4 d5 25. Qg4 b4 26. Nef3 bxc3 27. Ne5 Qe8
28. bxc3 Ra7 29. Rb1 Rac7 30. Rb6 Bb5 31. Rg3 Bf8 32. Nb1 Rb8 33. Rxb8 Qxb8 34.
Qd1 Rb7 35. Nd2 Be8 36. Qc1 Rb2 37. c4 Qb4 38. Rc3 Rxa2 39. cxd5 Qxd4 40. Nef3
Qxd5 41. Rc4 Bb5 42. Rd4 Qc5 43. Qb1 Rc2 44. Kh2 a3 45. Ne4 Qc7+ 46. g3 a2 47.
Qxb5 a1=Q 48. Nf6+ gxf6 49. Rg4+ Bg7 50. Qe8+ Kh7 0-1

[Event "5th Classic Open 2013"]
[Site "London ENG"]
[Date "2013.12.15"]
[Round "9.65"]
[White "Taylor, William J"]
[Black "Sagues, Vincent"]
[Result "1/2-1/2"]
[WhiteElo "2017"]
[BlackElo "1904"]
[WhiteFideId "423130"]
[BlackFideId "625680"]
[EventDate "2013.12.07"]

1. e4 e6 2. d4 d5 3. Nd2 Nf6 4. e5 Nfd7 5. Bd3 c5 6. c3 Nc6 7. Ne2 cxd4 8. cxd4
f6 9. exf6 Nxf6 10. O-O Bd6 11. Nf3 Qc7 12. Bg5 O-O 13. Rc1 Nh5 14. Qc2 h6 15.
Bh4 Bd7 16. Bh7+ Kh8 17. Bg6 Be8 18. Rfe1 Bxg6 19. Qxg6 Qf7 20. Qxf7 1/2-1/2

[Event "5th Classic Open 2013"]
[Site "London ENG"]
[Date "2013.12.15"]
[Round "9.66"]
[White "Peck, Silas"]
[Black "Amato, Giampiero"]
[Result "0-1"]
[WhiteElo "1803"]
[BlackElo "2009"]
[WhiteFideId "432865"]
[BlackFideId "813303"]
[EventDate "2013.12.07"]

1. e4 e5 2. Nf3 Nf6 3. Nxe5 d6 4. Nf3 Nxe4 5. Nc3 Nxc3 6. dxc3 Be7 7. Bf4 Nc6 8.
Qd2 Be6 9. O-O-O Qd7 10. Kb1 a6 11. Nd4 Nxd4 12. cxd4 O-O-O 13. Qa5 Rde8 14. d5
Bf5 15. a4 Bf6 16. Bb5 Bxc2+ 17. Ka2 Qf5 18. Bxe8 Qxf4 19. Bxf7 Qc4+ 20. Ka1 Qb3
21. Be6+ Kb8 22. Rb1 Qa3# 0-1

[Event "5th Classic Open 2013"]
[Site "London ENG"]
[Date "2013.12.15"]
[Round "9.67"]
[White "Samaganova, Alexandra"]
[Black "Schmitz, Tim"]
[Result "1-0"]
[WhiteElo "2033"]
[BlackElo "1909"]
[WhiteFideId "13800221"]
[BlackFideId "1270221"]
[EventDate "2013.12.07"]

1. c4 Nf6 2. e3 g6 3. Nf3 Bg7 4. Nc3 O-O 5. Be2 d6 6. Rb1 Bf5 7. d3 e5 8. Qc2
Nbd7 9. b4 Re8 10. e4 Be6 11. O-O Nh5 12. Rd1 f5 13. Ng5 Nhf6 14. Nxe6 Rxe6 15.
f3 Kh8 16. Be3 f4 17. Bf2 Nh5 18. b5 g5 19. Nd5 Rh6 20. a4 Ndf6 21. Nxf6 Nxf6
22. h3 Rg6 23. d4 Nd7 24. dxe5 Bxe5 25. c5 Qe7 26. c6 bxc6 27. Qxc6 Rf8 28. Qxc7
h5 29. Bd4 Bxd4+ 30. Rxd4 g4 31. fxg4 hxg4 32. Bxg4 Qf6 33. Rbd1 Rxg4 34. hxg4
f3 35. Rxd6 f2+ 36. Kf1 Qh4 37. Qc3+ Kg8 38. Rg6+ 1-0

[Event "5th Classic Open 2013"]
[Site "London ENG"]
[Date "2013.12.15"]
[Round "9.69"]
[White "Milligan, Helen"]
[Black "Shah, Dipak K"]
[Result "1-0"]
[WhiteTitle "CM"]
[WhiteElo "1977"]
[BlackElo "1886"]
[WhiteFideId "2401312"]
[BlackFideId "425842"]
[EventDate "2013.12.07"]

1. e4 c5 2. Nf3 e6 3. d4 Nc6 4. Nc3 Nge7 5. Be3 cxd4 6. Nxd4 Ng6 7. Be2 Bb4 8.
O-O O-O 9. Na4 f5 10. exf5 exf5 11. Nxc6 bxc6 12. Bc5 Bxc5 13. Nxc5 d5 14. Qd4
f4 15. f3 Qg5 16. Rf2 Nh4 17. Nd3 Bh3 18. Bf1 Rae8 19. Kh1 Bc8 20. c4 Re3 21.
cxd5 cxd5 22. Rc1 Ba6 23. Nxf4 Re5 24. Bxa6 Rxf4 25. Rc8+ Kf7 26. Rc7+ Ke6 27.
Bc8+ Kf6 28. Qc3 Rc4 29. Rxc4 dxc4 30. f4 1-0

[Event "5th Classic Open 2013"]
[Site "London ENG"]
[Date "2013.12.15"]
[Round "9.71"]
[White "Wood, Peter R"]
[Black "Arapalea, Daniel-Ionel"]
[Result "1/2-1/2"]
[WhiteElo "1970"]
[BlackElo "1814"]
[WhiteFideId "422215"]
[BlackFideId "1232614"]
[EventDate "2013.12.07"]

1. e4 c5 2. Nf3 d6 3. d4 cxd4 4. Nxd4 Nf6 5. Nc3 a6 6. Be2 g6 7. O-O Bg7 8. Bg5
O-O 9. Re1 Nc6 10. Nb3 h6 11. Bh4 b5 12. Bf3 Ne5 13. a3 Nxf3+ 14. Qxf3 Bg4 15.
Qe3 g5 16. Bg3 Nh5 17. f3 Be6 18. Nd4 Rc8 19. Nf5 Bxf5 20. exf5 Nxg3 21. hxg3
Bxc3 22. bxc3 Rc7 23. a4 Qc8 24. axb5 axb5 25. Rab1 Qxf5 26. Qb6 Rfc8 27. Qxb5
Qf6 28. Rb3 e6 29. Re3 Rc5 30. Qa6 d5 31. Qd3 e5 32. g4 d4 33. cxd4 exd4 34. Re4
Rxc2 35. Qxd4 Rc1+ 36. Kh2 Qc6 37. Rbe3 Qc7+ 38. Qe5 Qc6 39. Re1 Rc5 40. Qe7 Qg6
41. Qd7 Qf6 42. Re8+ Rxe8 43. Qxe8+ Kg7 44. Qb8 h5 45. gxh5 g4 46. h6+ Qxh6+ 47.
Kg3 gxf3 48. Qb2+ f6 49. Qb7+ Kg6 50. Qe4+ Rf5 51. Qe8+ Kg5 52. Qe3+ 1/2-1/2

[Event "5th Classic Open 2013"]
[Site "London ENG"]
[Date "2013.12.15"]
[Round "9.72"]
[White "Dror, Levi"]
[Black "Boger, Raymond"]
[Result "0-1"]
[WhiteElo "1835"]
[BlackElo "1937"]
[WhiteFideId "2809583"]
[BlackFideId "1507419"]
[EventDate "2013.12.07"]

1. e4 g6 2. Nf3 Bg7 3. d4 d6 4. c4 Nc6 5. Nc3 e5 6. d5 Nce7 7. Be2 Nh6 8. b4 O-O
9. c5 f5 10. Bg5 Nf7 11. Bxe7 Qxe7 12. Rc1 Bh6 13. Rc2 dxc5 14. bxc5 Qxc5 15.
O-O fxe4 16. Nxe4 Qe7 17. Qa1 Bf5 18. Rc4 b5 0-1

[Event "5th Classic Open 2013"]
[Site "London ENG"]
[Date "2013.12.15"]
[Round "9.73"]
[White "Nettleton, Charlie B"]
[Black "Opasiak, Dustin Tennessee"]
[Result "1-0"]
[WhiteElo "1913"]
[BlackElo "1796"]
[WhiteFideId "419710"]
[BlackFideId "24630217"]
[EventDate "2013.12.07"]

1. d4 Nf6 2. Nf3 c5 3. c3 e6 4. Bg5 d5 5. e3 Nbd7 6. Nbd2 Be7 7. Bd3 O-O 8. O-O
Ne8 9. Bxe7 Qxe7 10. Ne5 Nxe5 11. dxe5 f6 12. exf6 Nxf6 13. e4 Qc7 14. Qe2 e5
15. exd5 Nxd5 16. Nc4 Bf5 17. Qxe5 Bxd3 18. Qxd5+ Kh8 19. Qxd3 1-0

[Event "5th Classic Open 2013"]
[Site "London ENG"]
[Date "2013.12.15"]
[Round "9.74"]
[White "Altman, Joshua"]
[Black "McKerracher, Douglas"]
[Result "1/2-1/2"]
[WhiteTitle "CM"]
[WhiteElo "1626"]
[BlackElo "2010"]
[WhiteFideId "426210"]
[BlackFideId "2401002"]
[EventDate "2013.12.07"]

1. e4 d5 2. exd5 Qxd5 3. Nc3 Qa5 4. d4 Nf6 5. Nf3 Bf5 6. Bc4 e6 7. Bd2 c6 8. Bb3
Nbd7 9. Qe2 Bb4 10. a3 O-O 11. O-O Bxc3 12. Bxc3 Qc7 13. Ne5 Nd5 14. Bd2 b5 15.
f4 f6 16. Nd3 Rfe8 17. Rae1 Bg6 18. Qf3 Bf7 19. Rf2 c5 20. dxc5 Nxc5 21. Ba2
Nxd3 22. Qxd3 Qc6 23. Rfe2 Rad8 24. Qf3 Qd6 25. Ba5 Rc8 26. Bxd5 exd5 27. Rxe8+
Rxe8 28. Rxe8+ Bxe8 29. Bb4 Qb6+ 30. Qf2 Qxf2+ 31. Kxf2 Bg6 32. c3 Kf7 33. g3
Bd3 34. Ke3 Bc4 35. Bc5 a5 36. Bb6 a4 37. Bc5 Bb3 38. Bb4 Ke6 39. Bc5 h5 40. Kf3
Kf5 41. h4 Bd1+ 42. Ke3 Kg4 43. Kf2 Kf5 1/2-1/2

[Event "5th Classic Open 2013"]
[Site "London ENG"]
[Date "2013.12.15"]
[Round "9.75"]
[White "Chilton, James I"]
[Black "Pleininger, Rudolf"]
[Result "0-1"]
[WhiteElo "1778"]
[BlackElo "1968"]
[WhiteFideId "423009"]
[BlackFideId "1305999"]
[EventDate "2013.12.07"]

1. e4 e5 2. Nf3 Nc6 3. Bb5 a6 4. Ba4 Nf6 5. O-O d6 6. Re1 b5 7. Bb3 Be7 8. a4 b4
9. c3 a5 10. h3 O-O 11. d4 Bb7 12. d5 Nb8 13. Bc2 Na6 14. Be3 Nd7 15. c4 Nac5
16. Nbd2 c6 17. Nb3 cxd5 18. Nxc5 dxc5 19. exd5 f5 20. Qb1 g6 21. Bh6 Bf6 22.
Bxf8 Qxf8 23. Ra2 Re8 24. b3 e4 25. Nh2 Qh6 26. Nf1 Bd4 27. Qc1 Qh4 28. Bb1 Nf6
29. Rae2 Nh5 30. Ne3 Nf4 31. Ra2 Qg5 32. Kf1 Bc8 33. g3 Nxh3 34. Ng2 Qh5 35. Nf4
Nxf4 36. Qxf4 g5 37. Qd6 Bc3 38. Qc6 Qh1+ 39. Ke2 Qf3+ 40. Kf1 Rf8 41. Qh6 Bxe1
42. Kxe1 Qc3+ 43. Rd2 Qg7 44. Qxg7+ Kxg7 45. d6 Bb7 46. f3 Rd8 47. fxe4 fxe4 48.
Ke2 Kf6 49. Ke3 Ke5 50. Rh2 Rd7 51. g4 Rf7 52. Bc2 Kxd6 53. Rh6+ Kd7 54. Rb6 Bc6
55. Ra6 Rf3+ 56. Ke2 Rc3 57. Kd2 e3+ 58. Kd1 Bf3+ 59. Ke1 Rxc2 60. Ra7+ Kd6 61.
Ra6+ Ke5 62. Re6+ Kxe6 63. Kf1 Rc1# 0-1

[Event "5th Classic Open 2013"]
[Site "London ENG"]
[Date "2013.12.15"]
[Round "9.76"]
[White "Kalerwa, Edwin M"]
[Black "White, David J"]
[Result "1-0"]
[WhiteElo "1820"]
[BlackElo "1915"]
[WhiteFideId "422223"]
[BlackFideId "402931"]
[EventDate "2013.12.07"]

1. c4 e5 2. Nc3 Nc6 3. g3 g6 4. Bg2 Bg7 5. Nf3 f5 6. d3 d6 7. Qb3 Nf6 8. O-O O-O
9. Ng5 Nd4 10. Qd1 h6 11. Nf3 Nxf3+ 12. Bxf3 c6 13. Qb3 Qe7 14. a4 g5 15. a5 f4
16. Bg2 g4 17. a6 Nh5 18. Be4 Qf7 19. Bd2 f3 20. exf3 gxf3 21. Rfe1 Nf6 22. axb7
Bxb7 23. Bf5 Bc8 24. Bxc8 Raxc8 25. Ne4 Qd7 26. Nxf6+ Rxf6 27. Kh1 Qh3 28. Rg1
Rf7 29. g4 Rcf8 30. Rg3 Qh4 31. g5 h5 32. g6 Rd7 33. Be3 e4 34. Bg5 Qxg3 35.
hxg3 exd3 36. Rb1 Be5 37. Qxd3 Rb7 38. b3 a5 39. Kh2 Kg7 40. Kh3 Rfb8 41. Bf4 a4
42. Bxe5+ dxe5 43. Qc3 Rxb3 44. Qxe5+ Kxg6 45. Rd1 a3 46. Rd6+ Kf7 47. Rd7+ 1-0

[Event "5th Classic Open 2013"]
[Site "London ENG"]
[Date "2013.12.15"]
[Round "9.77"]
[White "Torgersen, Markus"]
[Black "Matthew, Ian G"]
[Result "0-1"]
[WhiteElo "1732"]
[BlackElo "1910"]
[WhiteFideId "1511653"]
[BlackFideId "423165"]
[EventDate "2013.12.07"]

1. d4 d5 2. c4 c6 3. Nc3 e5 4. cxd5 cxd5 5. e4 dxe4 6. dxe5 Qxd1+ 7. Kxd1 Nc6 8.
Bb5 Bg4+ 9. f3 O-O-O+ 10. Ke1 exf3 11. Bxc6 bxc6 12. gxf3 Bf5 13. Bg5 Be7 14. h4
f6 15. exf6 Nxf6 16. Rc1 Bb4 17. a3 Rhe8+ 18. Kf1 Bd3+ 19. Kg2 Ba5 20. b4 Bc7
21. Na4 h6 22. Bxf6 gxf6 23. Kf2 Bb5 24. Nc3 Rd2+ 0-1

[Event "5th Classic Open 2013"]
[Site "London ENG"]
[Date "2013.12.15"]
[Round "9.78"]
[White "Miu, Marinel"]
[Black "Solli, Oddvar"]
[Result "1-0"]
[WhiteElo "1683"]
[BlackElo "1849"]
[WhiteFideId "1220691"]
[BlackFideId "1501208"]
[EventDate "2013.12.07"]

1. c4 c5 2. Nc3 Nc6 3. g3 g6 4. Bg2 Bg7 5. Rb1 e6 6. a3 Nge7 7. b4 d6 8. b5 Ne5
9. Qb3 Rb8 10. a4 O-O 11. f4 Nd7 12. e4 b6 13. Nf3 Bb7 14. d3 Nf6 15. O-O d5 16.
e5 dxc4 17. dxc4 Ne4 18. Rd1 Qc7 19. Qc2 Nxc3 20. Qxc3 Be4 21. Rb2 Rbd8 22. Rbd2
Nf5 23. Ba3 Rfe8 24. g4 Nh6 25. h3 Bf8 26. Bb2 Kg7 27. Ng5 Bxg2 28. Kxg2 Qb7+
29. Qf3 Qxf3+ 30. Kxf3 Be7 31. Ne4 Ng8 32. Bc3 Kf8 33. a5 Rxd2 34. Rxd2 Ra8 35.
Rd7 Ke8 36. Rb7 Rd8 37. Rxa7 bxa5 38. Bxa5 Rd3+ 39. Kg2 Rd4 40. Nf2 Rxc4 41.
Ra8+ Kd7 42. b6 1-0

[Event "5th Classic Open 2013"]
[Site "London ENG"]
[Date "2013.12.15"]
[Round "9.80"]
[White "Staneland, Peter E"]
[Black "De Lagontrie, Jean"]
[Result "0-1"]
[WhiteElo "1829"]
[BlackElo "1775"]
[WhiteFideId "416576"]
[BlackFideId "605271"]
[EventDate "2013.12.07"]

1. Nf3 d5 2. d4 e6 3. g3 c5 4. Bg2 Nc6 5. O-O Nf6 6. Nc3 Be7 7. dxc5 Bxc5 8. Bf4
a6 9. Re1 O-O 10. Bg5 Be7 11. Nd4 Bd7 12. Nb3 h6 13. Bd2 Ne5 14. e4 dxe4 15.
Nxe4 Nxe4 16. Rxe4 Nc6 17. Bc3 e5 18. Re1 Qc7 19. Qh5 Rae8 20. Rad1 Be6 21. Bxe5
Nxe5 22. Qxe5 Qxe5 23. Rxe5 Bf6 24. Re3 b6 25. c3 Rd8 26. Rde1 a5 27. h4 a4 28.
Nc1 Rd2 29. b4 Bxa2 30. Bc6 Bb3 31. h5 g5 32. Nxb3 axb3 33. Be8 b2 34. Rf3 Kg7
35. Bc6 Rfd8 36. Rfe3 Rc2 37. Be4 Rxc3 38. Rxc3 Bxc3 39. Re3 Rd1+ 40. Kg2 Bd4
41. Rb3 Rd2 42. Rf3 g4 43. Rf4 Kf8 44. b5 Ke7 45. Rxg4 Rxf2+ 46. Kh3 Be5 47. Bd3
Rf3 48. Bc2 Kd6 49. Kg2 Rc3 50. Bf5 Kc5 51. Re4 f6 52. Re2 Rxg3+ 53. Kf2 Rg5 54.
Bd3 Rxh5 55. Rc2+ Kb4 56. Kg2 Rg5+ 57. Kh3 Rg3+ 0-1

[Event "5th Classic Open 2013"]
[Site "London ENG"]
[Date "2013.12.15"]
[Round "9.82"]
[White "Clayton, Tristan"]
[Black "Lie, Terje"]
[Result "1-0"]
[WhiteElo "1832"]
[BlackElo "1551"]
[WhiteFideId "416533"]
[BlackFideId "1504916"]
[EventDate "2013.12.07"]

1. e4 d6 2. d4 Nf6 3. Nc3 g6 4. f4 Bg7 5. Nf3 c5 6. dxc5 Qa5 7. Qd4 dxc5 8. Qc4
Be6 9. Qb5+ Nc6 10. Qxb7 Rc8 11. Bd2 Qb6 12. Qxb6 axb6 13. Ba6 Rd8 14. Bb5 Bd7
15. e5 Ng8 16. Nd5 Rb8 17. O-O-O e6 18. Nc3 Nge7 19. Ne4 O-O 20. c4 Rfd8 21. Bc3
Rb7 22. Nd6 Ra7 23. a3 Nb8 24. Ng5 Bxb5 25. Nxb5 Rxd1+ 26. Rxd1 Rd7 27. Rxd7
Nxd7 28. Nd6 Bh6 29. Ndxf7 Bxg5 30. Nxg5 Nf8 31. b4 h6 32. Ne4 Nd7 33. bxc5 bxc5
34. Kc2 Nc8 35. Kb3 Kf7 36. Bd2 Ne7 37. Be3 Nc6 38. Bxc5 g5 39. fxg5 Ndxe5 40.
gxh6 Kg6 41. Be3 Ng4 42. Bd2 Nxh2 43. c5 Ne5 44. Bf4 Nhg4 45. Bxe5 Nxe5 46. Kb4
Nc6+ 47. Kb5 Nd4+ 48. Kb6 Kxh6 49. c6 Ne2 50. c7 Nf4 51. c8=Q Nd5+ 52. Kb7 Nf4
53. Qh8+ Kg6 54. Qf6+ Kh7 55. Ng5+ 1-0